| 000 | 01305nam a2200313 4500 | ||
|---|---|---|---|
| 001 | 0000015713 | ||
| 003 | CO-CtgCURN | ||
| 005 | 20250402125248.0 | ||
| 007 | ta | ||
| 008 | 160627s1992 000 0 eng d | ||
| 020 | _a9681611829 | ||
| 040 |
_aCO-CtgCURN _bspa _ccoctgcurn |
||
| 082 | 0 |
_a301 _bL45c |
|
| 100 | 1 | _aLinton, Ralph. | |
| 245 | 1 | 0 |
_aEstudio del hombre / _cRalph Linton , traducción Daniel F. Rubin de la Borbolla. |
| 260 |
_aBogotá : _bFondo de cultura economica, _c1992. |
||
| 300 | _a486 p. | ||
| 336 | _2rdacontent | ||
| 337 |
_2rdamedia _asin mediacion _bn |
||
| 338 |
_2rdacarrier _avolumen _bnc |
||
| 490 | 1 | _aColección Obras de Antropología | |
| 500 | _aIncluye indice. | ||
| 505 | 8 | _aLos origenes de la humanidad.-- La raza.--El significado de las diferencias raciales.--Las raices de la mentalidad humana.--Los cimientos de la cultura.--Los aspectos caracteristicos de la cultura.--La sociedad.--Status y funcion.--Las materias primas de la sociedad.--La familia .--El matrimonio.--Unidades sociales determinadas por consanguinidad | |
| 650 | 1 | 4 | _aAntropología cultural. |
| 700 | 1 |
_aRubin de la Borbolla, Daniel F, _eTraductor. |
|
| 908 | _a160627 | ||
| 942 |
_cBK _h301 _iL45c _2ddc _n0 |
||
| 999 |
_c17574 _d17574 |
||